LEADER 01529nam a2200253 i 4500 001 000000350646 003 CaOOAMICUS 005 20220623153842.0 008 220623s2000 it u000 u ita u 013 $a225534 040 $aSeMil$bita 100 1 $aFumagalli, Aristide,$d<1962- >.$0(OLS)http://semarc/name/1518 240 13$aLa rivelazione del fondamento : Ermeneutica della Sacra Scrittura ; L'articolazione del fondamento : Sistematica della tradizione teologico-morale.$0(OLS)http://semarc/title/348410 245 10$aEtica teologica fondamentale : ad uso degli studenti, anno accademico 1999-2000 /$cAristide Fumagalli. 260 $aVenegono Inferiore :$b[s.n.],$c2000. 300 $a3 v. ;$c30 cm 650 4$aDispense scolastiche.$0(OLS)http://semarc/subject/526 650 4$aEtica teologica.$0(OLS)http://semarc/subject/619 774 0 $aFumagalli, Aristide <1962- >$t1: Etica teologica fondamentale.$dVenegono Inferiore : [s.n.], 1999.$w()350647 774 0 $aFumagalli, Aristide <1962- >$t2: La Rivelazione del fondamento : Ermeneutica della Sacra Scrittura.$dVenegono Inferiore : [s.n.], 1999.$w()350648 774 0 $aFumagalli, Aristide <1962- >$t3: L'articolazione del fondamento : sistematica della tradizione teologico-morale.$dVenegono Inferiore : [s.n.], 1999.$w()350649 996 $6245$aEtica teologica fondamentale : ad uso degli studenti, anno accademico 1999-2000$9(OLS)http://semarc/title/440445 996 $6260$aVenegono Inferiore :$b[s.n.]$9(OLS)http://semarc/publisher/29885 LEADER 00711nam a2200193 i 4500 001 000000026487 003 CaOOAMICUS 005 20181023112529.0 008 180830s1989 it u000 u ita u 040 $aSeMil$bita 100 1 $aSecondin, Bruno <1940- >.$0(OLS)http://semarc/name/89102 245 10$aAlla luce del suo volto /$cBruno Secondin. 260 $aBologna :$bEDB,$c1989. 300 $av. ;$c21 cm. 773 0 $tCammini dello Spirito.$dBologna : EDB, [19--]$w()7904 774 0 $tSplendore.$kCammini dello Spirito$z88-10-50713-4$g1$w()38299 996 $6245$aAlla luce del suo volto$9(OLS)http://semarc/title/35759 996 $6260$aBologna :$bEDB$9(OLS)http://semarc/publisher/29669